000 00797nam a2200253Ia 4500
003 OSt
005 20220928125051.0
006 a|||||r|||| 00| 0
007 ta
008 220927b |||||||| |||| 00| 0 eng d
020 _c3262.4789999999998
024 _a114284
037 _b199, 15/12/2011, Pioneer Book Distributors
_cTextual
040 _aSDCL
_cSDCL
_beng
041 _2eng
_aeng
082 _aX652, Q1
100 _aArnett George W
_9467883
245 0 _aGlobal securities markets
_b Navigating the world'a exchanges and OTC markets.
260 _aHoboken
_bJohn Wiley
_c2011
300 _axvii,174p
_ccm.
650 _aFinancial Studies
942 _hX652, Q1
_cTEXL
_2CC
999 _c780783
_d780783